Statics / (Record no. 11043)
[ view plain ]
| 000 -LEADER | |
|---|---|
| fixed length control field | 00527cam a2200217ua 4500 |
| 041 ## - LANGUAGE CODE | |
| Language code of text/sound track or separate title | eng |
| 082 ## - DEWEY DECIMAL CLASSIFICATION NUMBER | |
| Classification number | 531.2 |
| Item number | MAN/ST |
| 100 ## - MAIN ENTRY--AUTHOR NAME | |
| Personal name | Manicavachagam Pillay, T K . |
| 245 ## - TITLE STATEMENT | |
| Title | Statics / |
| 250 ## - EDITION STATEMENT | |
| Edition statement | 3 / |
| 260 ## - PUBLICATION, DISTRIBUTION, ETC. (IMPRINT) | |
| Place of publication | Madras : |
| Name of publisher | National publishing co. , |
| Year of publication | 1964. |
| 300 ## - PHYSICAL DESCRIPTION | |
| Number of Pages | 348 ; . |
| 942 ## - ADDED ENTRY ELEMENTS (KOHA) | |
| Koha item type | Books |
| Withdrawn status | Lost status | Damaged status | Home library | Current library | Date acquired | Cost, normal purchase price | Full call number | Accession Number | Koha item type | Public note |
|---|---|---|---|---|---|---|---|---|---|---|
| Withdrawn | KAUAET | KAUAET | 07/04/2012 | 6.00 | 531.2 | 7762 | Books | |||
| Withdrawn | Lost and Paid For | KAUAET | KAUAET | 16/07/2020 | 6.00 | 531.2 MAN/ST | 7760 | Books | ||
| Withdrawn | KAUAET | Sanskrit University | 07/04/2012 | 6.00 | 531.2 | 7759 | Books | Transferred to Sanskrit University | ||
| Withdrawn | KAUAET | Sanskrit University | 07/04/2012 | 6.00 | 531.2 | 7758 | Books | Transferred to Sanskrit University | ||
| Withdrawn | KAUAET | Sanskrit University | 07/04/2012 | 6.00 | 531.2 | 7761 | Books | Transferred to Sanskrit University |
